Statistiques concernant One Piece: personnages saga east blue

Cliquez ici pour prendre le quiz!

Statistiques générales

  • Ce quiz a été pris 950 fois
    (342 depuis la dernière actualisation)
  • Le résultat moyen est 30 sur 57

Statistiques - réponses

HintRéponse% Correct
Capitaine de l'équipage du rouxShanks le roux
100%
L'ancien roi des piratesGold Roger
95%
Capitaine de l'équipage au chapeau de pailleMonkey D Luffy
95%
Navigatrice de l'équipage au chapeau de pailleNami
95%
Combattants de l'équipage au chapeau de pailleRoronoa Zoro
95%
Cuisinier de l'équipage au chapeau de pailleVinsmoke Sanji
95%
Tireur de l'équipage au chapeau de pailleUsopp
90%
Capitaine de l'équipage du clownBaggy le clown
89%
Garçon rêvant de devenir marineKobby
84%
Tireur de l'équipage du rouxYasopp
84%
Capitaine homme poissonArlong
82%
Second de l'équipage du rouxBen Beckman
78%
Colonel de la marine surnommé le bûcheronMorgan
77%
Meilleur épéiste du mondeMihawk
75%
Chef cuisinier du baratieZeff
75%
Fils du colonelHermep
73%
Contre amiral de la marine de LogtownSmoker
73%
Capitaine de l'équipage du chat noirKuro
71%
Capitaine d'une grande armadaDon krieg
66%
La plus belle créature de l'océanAlvida
65%
Mère adoptive de namiBelmer
64%
Ami d'enfance de zoroKuina
63%
Jeune fille riche du village de siropKaya
61%
Hypnotiseur de l'équipage du chat noirJango
60%
Bras gauche de l'équipage du rouxLucky roo
59%
Colonel de la marine de LogtownTashigi
57%
Membre de la bande à UsoppCarotte
54%
Membre de la bande à UsoppOignon
53%
Second d'une grande armadaGin
52%
Serveuse du party's barMakino
51%
Épéiste homme poissonOcto
49%
Soeur de namiNojiko
47%
Majordome du village de siropMerry
44%
Membre de la bande à UsoppPiment
44%
Chien du village d'orangeChouchou
43%
Marine à la poigne d'acierFullbody
42%
Chasseur de prime ami de ZoroJohnny
41%
Lieutenant de l'équipage du clownCabaji
39%
Gardien de la forêtGaimon
39%
Lion de l'équipage du clownRichie
38%
Lieutenant homme poissonSmack
37%
Bête venu de Grand lineMeuh-Meuh
35%
Combattant d'une grande armadaPearl
35%
Lieutenant de l'équipage du clownMorge
34%
Cuisinier du baratiePatty
30%
Chasseur de prime ami de ZoroYosaku
30%
Villageois de kokoyashiGenzô
27%
Marine corrompuNezumi
26%
Frère siamois de l'équipage du chat noirSham
26%
Lieutenant homme poissonKuroobi
23%
Frère siamois de l'équipage du chat noirBuchi
21%
Cuisinier du baratieCarne
19%
Maire du village d'orangeBoodle
12%
Sensei de zoroKoshiro
12%
Maire de FushiaHoop slap
10%
Vendeur de sabre de LogtownIppon matsu
7%
Marine venu au secours de KokoyashiPudding Pudding
6%

Distribution des résultats

Percentile par nombre de réponses

% des personnes avec chaque résultat

Votre développement - résultats

Vous n’avez pas pris ce quiz depuis la dernière actualisation